U.S Presidents by Google Results - Statistics

General Stats
  • This quiz has been taken 41 times
  • The average score is 10 of 12
Answer Stats
# of Results Answer % Correct
675,000,000 Donald Trump
100%
1,300,000,000 George Washington
100%
147,000,000 Abraham Lincoln
94%
217,000,000 George W. Bush
94%
338,000,000 John F. Kennedy
84%
217,000,000 Thomas Jefferson
84%
410,000,000 Joe Biden
81%
548,000,000 John Adams
81%
177,000,000 Bill Clinton
78%
305,000,000 Andrew Jackson
72%
442,000,000 James Madison
69%
606,000,000 Andrew Johnson
59%
No matching quizzes found
Score Distribution
Percent of People with Each Score
Percentile by Number Answered
Your Score History
You have not taken this quiz